| 000 | 00517nam a2200169 a 4500 | ||
|---|---|---|---|
| 005 | 20140412111331.0 | ||
| 008 | 001218s19uu xx 00 eng d | ||
| 020 | _a0-307-12018-X | ||
| 050 |
_aER _bBi532 1986 |
||
| 100 | _aSommers, Tish | ||
| 245 |
_aA Bird's best friend / _cby Tish Sommers ; illustrated by Maggie Swanson. |
||
| 260 |
_aU. S. A : _bA Sesame Street/Golden Press Book, _c1986. |
||
| 300 | _a1 v. (unp.) ; ill. | ||
| 440 | _aCTW/Sesame Street | ||
| 650 | _aFriendship -- Fiction | ||
| 999 |
_c104911 _d104911 |
||